Les pays les plus traduits sur Wikipédia - Statistiques

Statistiques générales
  • Ce quiz a été pris 114 fois
  • Le résultat moyen est 13 sur 18
Statistiques - réponses
Nombre d'article
traduit
Pays % Correct
309 France
100%
321 États-Unis
99%
309 Chine
97%
301 Espagne
93%
321 Russie
93%
324 Japon
89%
304 Canada
84%
316 Italie
84%
306 Allemagne
83%
301 Inde
83%
311 Australie
79%
317 Mexique
74%
305 Pologne
50%
331 Turquie
50%
318 Finlande
38%
304 Norvège
37%
302 Chili
22%
305 Albanie
5%
Aucun quiz correspondant
Distribution des résultats
% des personnes avec chaque résultat
Percentile par nombre de réponses
Votre historique - résultats
Vous n’avez pas pris ce quiz